000 02228nam0a2200337 4500
001 RU\NLR\bibl\1476039
005 20260405232810.0
010 _a978-5-93025-035-0
_9150
021 _aRU
_b2009-104726
_96668
035 _a(NLR Aleph) 001467706
090 _a1623619
_c1623619
100 _a20100220d2009 |||y0rusy50 ca
101 0 _arus
102 _aRU
105 _aa |||||||||
200 1 _aАэрогенные факторы риска и профессиональные заболевания органов дыхания в производстве сплавов тугоплавких металлов
_fРослая Н.А., Лихачева Е.И., Рослый О.Ф.
_gФедер. служба по налзору в сфере защиты прав потребителей и благополучия человека, Федер. гос. учреждение науки "Екатеринбург. мед. науч. центр профилактики и охраны здоровья рабочих промпредприятий"
210 _aЕкатеринбург
_cЕкатеринбургский медицинский научный центрпрофилактики и охраны здоровья рабочих предприятий
_d2009
215 _a129, [1] с.
_cил.
_d21
300 _aНа обороте тит.л. авт.: д.м.н. Рослая Н.А., доктора мед. наук, профессора Лихачева Е.И., Рослый О.Ф.
320 _aБиблиогр.: с. 125-128 (61 назв.)
606 1 _aДыхательная система
_xПрофессиональные болезни у рабочих производства тугоплавких сплавов
_92588631
_3RU\NLR\auth\661529912
686 _aР124.505.22-43
686 _aР412,7
700 1 _4070
_8rus
_7ca
_aРослая
_bН. А.
_gНаталья Алексеевна
_3RU\NLR\auth\77106570
_989495
701 1 _aЛихачева
_bЕ. И.
_gЕлизавета Ильинична
_4070
701 1 _aРослый
_bО. Ф.
_gОлег Федорович
_4070
801 0 _aRU
_bNLR
_c20100220
_gRCR
801 1 _aRU
_bNLR
_c20100220
942 _cBOOK
980 _aNB